00742nam a22002171 4500001001300000003000400013005001700017008004100034010002200075040001700097043001200114050002400126082002000150110008700170245011700257260004900374300002100423500001700444650004600461999001700507l 58000024 DLC20260227111545.0840914s1958 dcu f00010 eng  al 58000024 //r84 aDLC/ICUcICU an-us---0 aHD7256.U5bA57 19580 a331.86a371.91*10aUnited States.bPresident's Committee on Employment of the Physically Handicapped.10aReports on employment of the handicapped:bPersonnel and industrial relations, Two doctors, The safety engineer.0 a[Washington,bU.S. Govt. Print. Off.,c1958] av, 37 p.c24 cm. aCover title. 0aVocational rehabilitationzUnited States. c36959d36959